Online
Catalog

Cuerpos abandonados / (Record no. 17819)

MARC details
000 -CABECERA
campo de control de longitud fija 00779cam a2200241 a 4500
001 - NÚMERO DE CONTROL
campo de control 000018298
005 - FECHA Y HORA DE LA ÚLTIMA TRANSACCIÓN
campo de control 20200929165437.0
008 - DATOS DE LONGITUD FIJA--INFORMACIÓN GENERAL
campo de control de longitud fija 821126|1982 cr 000 p spa d
035 ## - NÚMERO DE CONTROL DEL SISTEMA
Número de control de sistema (DLC) 82235498
040 ## - FUENTE DE LA CATALOGACIÓN
Centro catalogador/agencia de origen DO-SdBNP
Centro/agencia transcriptor DLC
Centro/agencia modificador DLC
-- BNPHU
082 ## - NÚMERO DE LA CLASIFICACIÓN DECIMAL DEWEY
Número de clasificación Ca861.44
Número de documento/Ítem C512c
049 ## - FONDOS LOCALES (OCLC)
Fondos de biblioteca BNGR
100 1# - ENTRADA PRINCIPAL--NOMBRE DE PERSONA
Nombre de persona Chavarría, María Gabriela,
Fechas asociadas al nombre 1961-
9 (RLIN) 39631
245 10 - MENCIÓN DE TÍTULO
Título Cuerpos abandonados /
Mención de responsabilidad, etc. Ma. Gabriela Chavarría.
260 ## - PUBLICACIÓN, DISTRIBUCIÓN, ETC.
Lugar de publicación, distribución, etc. San José :
Nombre del editor, distribuidor, etc. Costa Rica,
Fecha de publicación, distribución, etc. 1982.
300 ## - DESCRIPCIÓN FÍSICA
Extensión 69 p. ;
Dimensiones 17 cm.
490 1# - MENCIÓN DE SERIE
Mención de serie Joven creación
-- poesía
Designación de volumen o secuencia 9
586 ## - NOTA DE PREMIOS
Nota de premios Premio Creación Joven, 1981
650 #4 - PUNTO DE ACCESO ADICIONAL DE MATERIA--TÉRMINO DE MATERIA
Término de materia o nombre geográfico como elemento de entrada Poesía costarricense
9 (RLIN) 5301
650 #4 - PUNTO DE ACCESO ADICIONAL DE MATERIA--TÉRMINO DE MATERIA
Término de materia o nombre geográfico como elemento de entrada Literatura costarricense
Subdivisión cronológica SIGLO XX
9 (RLIN) 22789
830 #0 - PUNTO DE ACCESO ADICIONAL DE SERIE-TÍTULO UNIFORME
Título uniforme Joven creación ;
Nombre de parte o sección de la obra poesía :
Designación de volumen o secuencia 9
9 (RLIN) 39632
910 ## - DATOS DE OPCIÓN DEL USUARIO (OCLC)
Datos de opción del usuario Catalogación por copia / LC
Holdings
Estado de retiro Estado de pérdida Restricciones de uso No para préstamo Código de colección Localización permanente Ubicación/localización actual Ubicación en estantería Fecha de adquisición Número de inventario Total de préstamos Signatura topográfica completa Código de barras Fecha visto por última vez Precio válido a partir de Tipo de ítem Koha
        Monografías: Libros y Folletos General General En catalogación 27.04.2010 LF1   Ca861.44 C512c 18298-10 25.06.2020 25.06.2020 Préstamo en sala

Powered by Koha